000 00307nam a22001337a 4500
008 170822b xxu||||| |||| 00| 0 eng d
020 _a9781559533409
041 _aeng
080 _a51
100 _a37
101 _aMAT
245 _aALGEBRA AN INVESTIGATIVE APPROACH
_cMUERDOCK.J
942 _2udc
_cBK
999 _c24494
_d24494